Statistics for Loan Words Quiz

Click here to take the quiz!

General Stats

  • This quiz has been taken 67 times
  • The average score is 8 of 16

Answer Stats

WordLanguage% Correct
PoltergeistGerman
98%
BalletFrench
97%
PaparazziItalian
95%
OrigamiJapanese
93%
MachoSpanish
86%
TaekwondoKorean
83%
MetropolisGreek
74%
GinsengHokkien
57%
AssassinArabic
45%
GlitchYiddish
38%
BoozeDutch
17%
MopedSwedish
14%
CoolieHindi
12%
BardWelsh
9%
BotherIrish
7%
CoirTamil
3%

Score Distribution

Percentile by Number Answered

Percent of People with Each Score

Your Score History

You have not taken this quiz